Sports Quiz

Random Sports Quiz

Breckenridge Peak 10 runs Quiz Stats

 Plays Quiz not verified by Sporcle

Score 0/16 Timer 03:00
0 Plays Today
% Correct
Crystal
80%
Doublejack
75%
Spitfire
75%
The Burn
75%
Centennial
70%
Corsair
65%
Mustang
65%
Cimarron
60%
% Correct
Dark Rider
60%
Flapjack
60%
Grits
60%
Blackhawk
50%
Elan
45%
Bronc
40%
Quiver
40%
Trinity
35%

You're not logged in!

Compare scores with friends on all Sporcle quizzes.
OR
Log In

Show Comments

Extras

Created Oct 18, 2010ReportNominate
Tags:peak, run

Top Quizzes Today


Score Distribution

Your Account Isn't Verified!

In order to create a playlist on Sporcle, you need to verify the email address you used during registration. Go to your Sporcle Settings to finish the process.

Report this User

Report this user for behavior that violates our Community Guidelines.

Details: